000 00344nam a2200157Ia 4500
003 Ost
005 20260225132540.0
008 260225s9999||||xx |||||||||||||| ||und||
040 _cfsic
041 _afre
082 _a302.2
100 _aJoel gayet
_eAuteur
245 0 _aLa total communication /
245 0 _cJoel gayet
942 _cكتاب
999 _c33440
_d33440